| 000 | 00365nam a2200145 a 4500 | ||
|---|---|---|---|
| 001 | 3394 | ||
| 003 | CDMR | ||
| 005 | 20130724105153.0 | ||
| 008 | 130130s1972||||||||||||||||||||||||||||d | ||
| 040 |
_aCDMR _bcat _cCPC GIRONA |
||
| 100 | 1 |
_aGauquelin, Françoise _92442 |
|
| 245 | 1 | 0 |
_aSaber comunicarse _cGauquelin, Françoise |
| 260 |
_c1972 _bMensajero |
||
| 942 |
_cMON _2udc |
||
| 999 |
_c3394 _d3394 |
||